|
|
|
|
| LEADER |
00000nam0a2200000 4500 |
| 001 |
256735 |
| 005 |
20250211063206.0 |
| 035 |
|
|
|a (RuTPU)RU\TPU\book\279469
|
| 035 |
|
|
|a RU\TPU\book\193184
|
| 090 |
|
|
|a 256735
|
| 100 |
|
|
|a 20140411d1965 k y0rusy50 ca
|
| 101 |
0 |
|
|a rus
|
| 102 |
|
|
|a RU
|
| 105 |
|
|
|a a z 011zy
|
| 200 |
1 |
|
|a Теплообмен и гидравлическое сопротивление
|e [сборник статей]
|f Московский энергетический институт; под ред. В. П. Исаченко [и др.]
|
| 210 |
|
|
|a Москва
|c Изд-во МЭИ
|d 1965
|
| 215 |
|
|
|a 222 с.
|c ил.
|
| 225 |
1 |
|
|a Труды Московского энергетического института (МЭИ)
|v Вып. 63
|
| 300 |
|
|
|a К 60-летию Московского энергетического института.
|
| 320 |
|
|
|a Списки литературы в конце статей.
|
| 500 |
1 |
0 |
|a Труды Московского энергетического института
|9 88841
|
| 606 |
1 |
|
|a Теплотехника общая
|2 stltpush
|3 (RuTPU)RU\TPU\subj\59808
|9 77306
|
| 606 |
1 |
|
|a Гидродинамическое сопротивление
|2 stltpush
|3 (RuTPU)RU\TPU\subj\6667
|9 34493
|
| 610 |
1 |
|
|a теплоотдача
|
| 610 |
1 |
|
|a сопротивление
|
| 610 |
1 |
|
|a сопротивление трения
|
| 610 |
1 |
|
|a теплообмен
|
| 610 |
1 |
|
|a парогенерирующие каналы
|
| 610 |
1 |
|
|a теплообменники
|
| 610 |
1 |
|
|a пар
|
| 610 |
1 |
|
|a конденсация
|
| 675 |
|
|
|a 621.1.016.4
|v 3
|
| 675 |
|
|
|a 532.5
|v 3
|
| 702 |
|
1 |
|a Исаченко
|b В. П.
|4 340
|
| 702 |
|
1 |
|a Рассохин
|b Н. Г.
|4 340
|
| 702 |
|
1 |
|a Сукомел
|b А. С.
|4 340
|
| 712 |
0 |
2 |
|a Московский энергетический институт (МЭИ)
|c (1930-1992)
|3 (RuTPU)RU\TPU\col\20092
|
| 801 |
|
1 |
|a RU
|b 63413507
|c 20100403
|
| 801 |
|
2 |
|a RU
|b 63413507
|c 20211119
|g RCR
|
| 942 |
|
|
|c BK
|